000 00435nam a2200181Ia 4500
001 10390
005 20260306161829.0
008 260306t1993||||xx |||||||||||||| ||spa||
041 _aESP
082 _a923
_bV34
100 _aVázquez Montalbán, Manuel
_eAUT
245 0 _aAutobiografía del general Franco
260 _c1993
300 _a679 páginas :
_c21cm.
650 _aGEN
654 _aCHU
942 _cLIB
_dJUS
_fJUS
_2ddc
_n
999 _c10390
_d10390